| 000 | 00401nam a2200145 4500 | ||
|---|---|---|---|
| 001 | 131374 | ||
| 003 | ES-MaACL | ||
| 005 | 20230906193952.0 | ||
| 007 | t| | ||
| 008 | 070214n19101919pr r ||||1| spa d | ||
| 100 | 1 |
_aRodríguez, Juan Z. _998267 |
|
| 245 | 1 | 3 |
_aLa novela está en la vida / _cJuan Z. Rodríguez. |
| 260 |
_aSan Juan (Puerto Rico) : _b[s.n.], _c[191_?] |
||
| 852 |
_aES-MaACL _j1516-F-11 |
||
| 999 |
_c131374 _d131374 |
||